| 000 | 00000nam 2200000za 4500 |
| 001 | 9.569910 |
| 003 | CaOODSP |
| 005 | 20221107134013 |
| 007 | cr ||||||||||| |
| 008 | 150406s2000 onca|||#o f00| 0 eng d |
| 040 | |aCaOODSP|beng |
| 041 | |aeng|bfre |
| 043 | |an-cn--- |
| 086 | 1 |aNH18-1-2/86-2000E-PDF |
| 100 | 1 |aBlais, Pamela. |
| 245 | 14|aThe information revolution and residential development |h[electronic resource] : |bsummary report / |cby Pamela Blais. |
| 260 | |a[Ottawa] : |bCanada Mortgage and Housing Corporation, |c2000. |
| 300 | |a28 p. : |bill. |
| 490 | 1 |aResearch report |
| 500 | |aIssued also in French under title: La révolution de l'information et l'aménagement résidentiel : rapport sommaire. |
| 500 | |a"March 2000." |
| 500 | |aIssued by: External Research Program. |
| 504 | |aIncludes bibliographical references. |
| 546 | |aIncludes abstract in French. |
| 590 | |a11-25-Supp|b2011-10-31 |
| 692 | 07|2gccst|aUrban development |
| 692 | 07|2gccst|aInformation technology |
| 710 | 2 |aCanada Mortgage and Housing Corporation.|bExternal Research Program. |
| 710 | 2 |aCanada Mortgage and Housing Corporation. |
| 775 | 08|tLa révolution de l'information et l'aménagement résidentiel |w(CaOODSP)9.846916 |
| 776 | 0#|tThe information revolution and residential development : |w(CaOODSP)9.615418 |
| 830 | #0|aResearch report (Canada Mortgage and Housing Corporation : Online)|w(CaOODSP)9.506068 |
| 856 | 40|qPDF|s968 KB|uhttps://publications.gc.ca/collections/collection_2011/schl-cmhc/nh18-1-2/NH18-1-2-86-2000-eng.pdf |